|
|
|
|
| LEADER |
00000cam a2200000 7i4500 |
| 001 |
0000022311 |
| 005 |
20080727.0 |
| 008 |
080727 |
| 020 |
|
|
|a 9673030278
|
| 090 |
0 |
0 |
|a 372.35
|b SCI
|
| 100 |
0 |
|
|a Ng, Chee Kin
|
| 245 |
1 |
0 |
|a Science UPSR year 4, 5 & 6
|c Ng Chee Kin ; advisor Ingrid Molnar
|
| 260 |
|
|
|a Selangor :
|b Marshall Cavendish (Malaysia) Sdn. Bhd ,
|c 2008
|
| 440 |
|
|
|a Golden new vision (UPSR)
|
| 650 |
|
0 |
|a Science
|x Elementary education
|x Curricula
|
| 650 |
|
0 |
|a Science
|x Elementary education
|x Examinations study guides
|
| 650 |
|
0 |
|a Science
|x Elementary education
|x Textbooks
|
| 700 |
0 |
|
|a Molnar, Ingrid
|
| 740 |
0 |
|
|a Science Ujian Penilaian Menengah Rendah year four, five and six
|
| 999 |
|
|
|a 0001035943
|b Book
|c Teenagers
|e Perbadanan Perpustakaan Awam Johor
|
| 999 |
|
|
|a 0001035944
|b Book
|c Children Collection
|e Perbadanan Perpustakaan Awam Johor
|
| 999 |
|
|
|a 0001035945
|b Book
|c Teenagers
|e Perbadanan Perpustakaan Awam Johor
|